00000000nam##2200000za#4500
0019.698168
003CaOODSP
00520210624235816
007cr |||||||||||
008150407|1997||||xxc|||||o    f|0| 0 eng|d
040 |aCaOODSP|beng
043 |an-cn---
0861 |aRH64-100/1997E-PDF
1101 |aCanada.|bHuman Resources Development Canada. |bStrategic Policy.
24510|aFinal evaluation report on the Sectoral Partnership Initiative / |h[electronic resource]|c[by] Evaluation and Data Development.
260 |aOttawa - Ontario : |bHuman Resources Development Canada. |cNovember 1997.
300 |a102p.|bfigs., tables
504 |aBibliography.
590 |a13-16-Supp|b2013-07-12
77508|tRapport final de l'évaluation de l'Initiative de partenariats sectoriels / |w(CaOODSP)9.642161
85640|ahttp://publications.gc.ca|qPDF|s341 KB|uhttps://publications.gc.ca/collections/collection_2013/rhdcc-hrsdc/RH64-100-1997-eng.pdf